Socio-economic groups and income distribution in Mexico /

Bibliographic Details
Main Author: Ginneken, Wouter van
Corporate Author: World Employment Programme
Format: Book
Language:English
Published: New York : St. Martin's Press, 1980.
Subjects:

MARC

Tag First Indicator Second Indicator Subfields
LEADER 00000pam a2200000 i 4500
001 in00000660121
005 20151015095442.0
008 791211s1980 nyu b 00110 eng
010 |a  79003842  
020 |a 0312739419 
035 |a (OCoLC)05846347 
035 |9 ACZ0239AM 
040 |a DLC  |c DLC  |d TXA  |d UtOrBLW 
043 |a n-mx--- 
049 |a TXAM  |c [1161015] 
050 0 0 |a HC140.I5  |b G55 1980 
082 0 |a 339.2/2/0972 
100 1 |a Ginneken, Wouter van. 
245 1 0 |a Socio-economic groups and income distribution in Mexico /  |c Wouter van Ginneken. 
264 1 |a New York :  |b St. Martin's Press,  |c 1980. 
300 |a 237 pages ;  |c 22 cm. 
336 |a text  |b txt  |2 rdacontent 
337 |a unmediated  |b n  |2 rdamedia 
338 |a volume  |b nc  |2 rdacarrier 
500 |a "A study prepared for the ILO World Employment Programme." 
500 |a Includes index. 
504 |a Bibliography: pages 226-231. 
650 0 |a Income distribution  |z Mexico. 
650 0 |a Working class  |z Mexico. 
650 0 |a Labor movement  |z Mexico. 
650 0 |a Labor  |z Mexico. 
710 2 |a World Employment Programme. 
999 |a MARS 
999 f f |s 3680e5da-02ef-3d6e-a771-27d6dbee64d3  |i b3eb3bb2-d38c-3923-85f3-16143923573b  |t 0 
952 f f |p ric  |a Texas A&M University  |b Rellis Campus  |c Joint Library Facility  |d Remote Storage  |t 0  |e HC140.I5 G55 1980  |h Library of Congress classification  |i unmediated -- volume  |m A14802587275 
998 f f |a HC140.I5 G55 1980  |t 0  |l Remote Storage